000 00668nam a2200217 a 4500
001 22584
003 CO-ViMGA
008 141112s2004 ck r 000 u spa d
040 _aCO-ViMGA
_bspa
_cCO-ViMGA
082 0 4 _aARCe
100 1 _aArciniegas, Triunfo
245 1 0 _aLos besos de maría
260 _aBogotá :
_bAlfaguara,
_c2001
300 _a88
490 _aAlfaguara Infantil
590 _aForma de adquisición : Compra - - Precio : 18.900 - - Proveedor : Dismet - - Fecha de adquisición : 2008
650 1 4 _aAMOR CUENTOS INFANTILES
650 1 4 _aBESOS CUENTOS INFANTILES
_932115
650 1 4 _aCUENTOS INFANTILES COLOMBIANOS
_92369
942 _2ddc
_cBK
999 _c30885
_d30885